Computer animation complete : (Record no. 13355)

MARC details
000 -LEADER
fixed length control field 00994cam a2200289 i 4500
001 - CONTROL NUMBER
control field 15716331
003 - CONTROL NUMBER IDENTIFIER
control field EG-ScBUE
005 - DATE AND TIME OF LATEST TRANSACTION
control field 20260505090340.0
008 - FIXED-LENGTH DATA ELEMENTS--GENERAL INFORMATION
fixed length control field 090428t2010 mau f 001 0 eng d
020 ## - INTERNATIONAL STANDARD BOOK NUMBER
International Standard Book Number 9780123750785 (pbk. : alk. paper)
040 ## - CATALOGING SOURCE
Original cataloging agency DLC
Language of cataloging eng
Description conventions rda
Transcribing agency DLC
Modifying agency EG-ScBUE
082 04 - DEWEY DECIMAL CLASSIFICATION NUMBER
Classification number 006.696
Edition number 22
Item number COM
245 00 - TITLE STATEMENT
Title Computer animation complete :
Remainder of title all-in-one : learn motion capture, characteristic, point-based, and Maya, winning techniques /
Statement of responsibility, etc Rick Parent [and eighteenth others]
264 #1 - PUBLICATION, DISTRIBUTION, ETC. (IMPRINT)
Place of publication, distribution, etc Burlington, MA :
Name of publisher, distributor, etc Elsevier,
Date of publication, distribution, etc [2010]
264 #4 - PUBLICATION, DISTRIBUTION, ETC. (IMPRINT)
Date of publication, distribution, etc c2010
300 ## - PHYSICAL DESCRIPTION
Extent 526 pages :
Other physical details illustrations ;
Dimensions 24 cm
336 ## - CONTENT TYPE
Source rdacontent
Content type term text
Content type code txt
337 ## - MEDIA TYPE
Source rdamedia
Media type term unmediated
Media type code n
338 ## - CARRIER TYPE
Source rdacarrier
Carrier type term volume
Carrier type code nc
500 ## - GENERAL NOTE
General note Includes Index.
630 07 - SUBJECT ADDED ENTRY--UNIFORM TITLE
Uniform title Maya (Computer file)
Source of heading or term BUEsh
9 (RLIN) 11248
650 #7 - SUBJECT ADDED ENTRY--TOPICAL TERM
Topical term or geographic name as entry element Computer animation.
Source of heading or term BUEsh
9 (RLIN) 11249
653 ## - INDEX TERM--UNCONTROLLED
Arrived date list May2026
Resource For college Arts and Design
655 ## - INDEX TERM--GENRE/FORM
Form subdivision Reading book
700 1# - ADDED ENTRY--PERSONAL NAME
9 (RLIN) 11250
Personal name Parent, Rick,
Relator term author.
942 ## - ADDED ENTRY ELEMENTS (KOHA)
Source of classification or shelving scheme Dewey Decimal Classification
Koha item type Book - Borrowing
Holdings
Withdrawn status Lost status Source of classification or shelving scheme Damaged status Not for loan Collection code Home library Current library Shelving location Date acquired Source of acquisition Cost, normal purchase price Serial Enumeration / chronology Total Checkouts Full call number Barcode Date last seen Price effective from Koha item type Cost, replacement price
    Dewey Decimal Classification     Alahram Central Library Central Library Lower Floor 11/02/2010   445.00 39   006.696 COM 000019579 15/07/2025 11/02/2010 Book - Borrowing  
    Dewey Decimal Classification     Baccah Central Library Central Library Lower Floor 05/05/2026 Purchase 2953.00 40254   006.696 COM 000057626 05/05/2026 05/05/2026 Book - Borrowing 3691.25